000
00276pab a2200109 454500
008
180718b xxu||||| |||| 00| 0 eng d
100
_a
Pani, Narendra
245
_a
Should the state be reorganised?
650
_a
Federal State Relations
773
_a
Economic Times
909
_a
23416
999
_c
23416
_d
23416